000 00434 a2200133 4500
000 nam a22 7a 4500
100 _aसीताराम मीना
110 _aसीताराम मीना
245 _aसमग्र हिन्दी व्याकरण
250 _aLatest edition
260 _bआर पब्लिकेशन
_c2024
264 _bआर पब्लिकेशन
_c2024
942 _cBK
999 _c396689
_d396689